00873cam a2200217 4500001000500000005001700005008004100022100002100063245015800084264005200242300004700294336002100341337002500362338002300387650002300410650005300433650005800486650005500544700003000599700002600629613620190618104446.0190618b ||||| |||| 00| 0 eng d1 aHewings, Martin.10aCambridge academic English :bAn integrated skills course for EAP coursepack /pStudent's book Upper intermediate /c Course consultant: Michael McCarthy 1aCambridge :bCambridge University Press,c2014. a176 pages :bcolor illustrations ;c28 cm. atext2rdacontent aunmediated2rdamedia avolume2rdacarrier 0aAcademic language. 0aEnglish languagevTextbooks for foreign speakers 0aEnglish languagexRhetoricvProblems, exercises, etc. 0aEnglish languagexUsagevProblems, exercises, etc.1 aMcCarthy, Michael,d1947-1 aThaine, Craig,d1958-